[Event "Adelaide Checkmate op"]
[Site "Adelaide"]
[Date "2007.07.07"]
[Round "3"]
[White "Garth, Whitney"]
[Black "Jackson, Ralph E"]
[Result "0-1"]
[WhiteElo "1034"]
[BlackElo "1938"]
[PlyCount "60"]
[EventDate "2007.07.07"]
[EventType "swiss"]
[EventRounds "7"]
[EventCountry "AUS"]
[SourceTitle "EXT 2010"]
[Source "ChessBase"]
[SourceDate "2010.11.25"]
[SourceVersion "1"]
[SourceVersionDate "2010.11.25"]
[SourceQuality "1"]

1. e4 g6 2. Nf3 Bg7 3. d4 d6 4. c4 Nf6 5. Nc3 0-0 6. Be2 Nbd7 7. 0-0 e5 8. d5 Nc5 9. Qc2 a5 10. a3 a4 11. Be3 Nfd7 12. Bd1 f5 13. Nd2 f4 14. Bxc5 Nxc5 15. Nf3 g5 16. h3 h5 17. Qe2 Nb3 18. Bxb3 axb3 19. Nh2 g4 20. Nxg4 hxg4 21. hxg4 f3 22. gxf3 Rf4 23. Nd1 Qh4 24. Ne3 Qh3 25. Rac1 Rxf3 26. c5 Bxg4 27. Qd2 Kf7 28. cxd6 Rh8 29. Rxc7+ Kf6 30. Nxg4+ Qxg4# 0-1